000 00563nam a2200241Ia 4500
005 20260320201151.0
008 008 262003s9999 xx 000 0 eng d
037 _aEBOOK
040 _aCRL
040 _beng
040 _cCRL
041 _2eng
041 _aeng
084 _qCRL
100 _aPavan
_91134387
245 0 _aUnderstanding Delta-Sigma Data Converters
260 _bIEEE
260 _c2017
856 _uhttps://ieeexplore.ieee.org/servlet/opac?bknumber=7906178
942 _cEBOOK
999 _c1719349
_d1719349